UM Logo

Project management communications Bible / (Record no. 4962)

MARC details
000 -LEADER
fixed length control field 01821cam a2200385 a 4500
001 - CONTROL NUMBER
control field 15275187
005 - DATE AND TIME OF LATEST TRANSACTION
control field 20160930172106.0
008 - FIXED-LENGTH DATA ELEMENTS--GENERAL INFORMATION
fixed length control field 080424s2008 inu 000 0 eng
010 ## - LIBRARY OF CONGRESS CONTROL NUMBER
LC control number 2008927909
015 ## - NATIONAL BIBLIOGRAPHY NUMBER
National bibliography number GBA790677
Source bnb
016 7# - NATIONAL BIBLIOGRAPHIC AGENCY CONTROL NUMBER
Record control number 014276184
Source Uk
020 ## - INTERNATIONAL STANDARD BOOK NUMBER
International Standard Book Number 978-0-470-13740-6 (pbk.)
020 ## - INTERNATIONAL STANDARD BOOK NUMBER
International Standard Book Number 0470137401 (pbk.)
035 ## - SYSTEM CONTROL NUMBER
System control number (OCoLC)ocn166873195
040 ## - CATALOGING SOURCE
Original cataloging agency UKM
Transcribing agency UKM
Modifying agency BTCTA
-- BAKER
-- YDXCP
-- BWX
-- CDX
-- VRC
-- VGM
-- EXW
-- DEBSZ
-- DLC
042 ## - AUTHENTICATION CODE
Authentication code lccopycat
050 00 - LIBRARY OF CONGRESS CALL NUMBER
Classification number HD69.P75
Item number D69 2008
082 04 - DEWEY DECIMAL CLASSIFICATION NUMBER
Classification number DC 658.404
Edition number 2008
Item number D76
100 1# - MAIN ENTRY--PERSONAL NAME
Personal name Dow, William,
Dates associated with a name 1967-
245 10 - TITLE STATEMENT
Title Project management communications Bible /
Statement of responsibility, etc. William Dow and Bruce Taylor.
260 ## - PUBLICATION, DISTRIBUTION, ETC. (IMPRINT)
Place of publication, distribution, etc. Indianapolis, IN :
Name of publisher, distributor, etc. Wiley Publishing Inc.,
Date of publication, distribution, etc. c2008.
300 ## - PHYSICAL DESCRIPTION
Extent xxx, 807 pages :
Other physical details illustrations ;
Dimensions 24 cm.
500 ## - GENERAL NOTE
General note Includes index.
505 1# - FORMATTED CONTENTS NOTE
Formatted contents note Part I: Introducing project communication concepts -- Part II: Project knowledge areas -- Part III: Project lifecycle processes -- Part IV: Appendixes.
650 #0 - SUBJECT ADDED ENTRY--TOPICAL TERM
Topical term or geographic name as entry element Project management.
700 1# - ADDED ENTRY--PERSONAL NAME
Personal name Taylor, Bruce
Titles and other words associated with a name (Project management expert)
856 4# - ELECTRONIC LOCATION AND ACCESS
Contact for access assistance DE-576;wiley
Electronic format type image/jpeg
Uniform Resource Identifier <a href="http://swbplus.bsz-bw.de/bsz284847291cov.htm">http://swbplus.bsz-bw.de/bsz284847291cov.htm</a>
Hours access method available 20090320110746
Materials specified Cover
856 4# - ELECTRONIC LOCATION AND ACCESS
Uniform Resource Identifier <a href="http://digitool.hbz-nrw.de:1801/webclient/DeliveryManager?pid=2875903&custom%5Fatt%5F2=simple%5Fviewer">http://digitool.hbz-nrw.de:1801/webclient/DeliveryManager?pid=2875903&custom%5Fatt%5F2=simple%5Fviewer</a>
Link text Project management communications Bible
Materials specified Inhaltsverzeichnis
856 4# - ELECTRONIC LOCATION AND ACCESS
Contact for access assistance V:DE-605;X:Imageware
Electronic format type application/pdf
Uniform Resource Identifier <a href="http://digitool.hbz-nrw.de:1801/webclient/DeliveryManager?pid=2875902">http://digitool.hbz-nrw.de:1801/webclient/DeliveryManager?pid=2875902</a>
Materials specified Inhaltsverzeichnis
856 42 - ELECTRONIC LOCATION AND ACCESS
Materials specified Publisher description
Uniform Resource Identifier <a href="http://www.loc.gov/catdir/enhancements/fy0833/2008927909-d.html">http://www.loc.gov/catdir/enhancements/fy0833/2008927909-d.html</a>
365 ## - TRADE PRICE
Price amount 5,095.75
Currency code Php
906 ## - LOCAL DATA ELEMENT F, LDF (RLIN)
a 7
b cbc
c copycat
d 3
e ncip
f 20
g y-gencatlg
942 ## - ADDED ENTRY ELEMENTS (KOHA)
Source of classification or shelving scheme Dewey Decimal Classification
Koha item type Circulation
Holdings
Withdrawn status Lost status Source of classification or shelving scheme Damaged status Not for loan Collection code Home library Current library Date acquired Source of acquisition Total Checkouts Full call number Barcode Date last seen Cost, replacement price Price effective from Koha item type
    Dewey Decimal Classification     Circulation UM Digos College - LIC UM Digos College - LIC 09/24/2010 Purchased   DC 658.404 D76 2008 20937 05/15/2025 5095.75 09/30/2016 Circulation